The house of the spirits / (Record no. 173023)
[ view plain ]
| 000 -LEADER | |
|---|---|
| fixed length control field | 00969cam a2200313 a 4500 |
| 001 - CONTROL NUMBER | |
| control field | 4782516 |
| 003 - CONTROL NUMBER IDENTIFIER | |
| control field | Nust |
| 005 - DATE AND TIME OF LATEST TRANSACTION | |
| control field | 20180712042526.0 |
| 008 - FIXED-LENGTH DATA ELEMENTS--GENERAL INFORMATION | |
| fixed length control field | 860124s1985 enk 000 1 eng c |
| 010 ## - LIBRARY OF CONGRESS CONTROL NUMBER | |
| LC control number | 86672142 |
| 020 ## - INTERNATIONAL STANDARD BOOK NUMBER | |
| International Standard Book Number | 978-0552774956 (pbk) |
| Terms of availability | Rs. 596 |
| 020 ## - INTERNATIONAL STANDARD BOOK NUMBER | |
| International Standard Book Number | 0552774952 |
| 038 ## - RECORD CONTENT LICENSOR | |
| Staff Name | Arshad |
| 040 ## - CATALOGING SOURCE | |
| Original cataloging agency | MH |
| Transcribing agency | MH |
| Modifying agency | DLC |
| -- | OCoLC |
| 041 1# - LANGUAGE CODE | |
| Language code of text/sound track or separate title | engspa |
| 050 14 - LIBRARY OF CONGRESS CALL NUMBER | |
| Classification number | PQ8098.1.L54 |
| Item number | C313x 1985b |
| 082 ## - DEWEY DECIMAL CLASSIFICATION NUMBER | |
| Classification number | 863.64 |
| Author Mark | ALL |
| 100 1# - MAIN ENTRY--PERSONAL NAME | |
| Personal name | Allende, Isabel. |
| 9 (RLIN) | 11587 |
| 240 10 - UNIFORM TITLE | |
| Uniform title | Casa de los espíritus. |
| Language of a work | English |
| 245 14 - TITLE STATEMENT | |
| Title | The house of the spirits / |
| Statement of responsibility, etc. | Isabel Allende ; translated from the Spanish by Magda Bogin. |
| 260 ## - PUBLICATION, DISTRIBUTION, ETC. | |
| Place of publication, distribution, etc. | London : |
| Name of publisher, distributor, etc. | J. Cape, |
| Date of publication, distribution, etc. | 1985. |
| 300 ## - PHYSICAL DESCRIPTION | |
| Extent | 490 p. ; |
| Dimensions | 25 cm. |
| 500 ## - GENERAL NOTE | |
| General note | Translation of: La casa de los espíritus. |
| 650 ## - SUBJECT ADDED ENTRY--TOPICAL TERM | |
| Topical term or geographic name entry element | Manners and customs |
| 9 (RLIN) | 11348 |
| 650 ## - SUBJECT ADDED ENTRY--TOPICAL TERM | |
| Topical term or geographic name entry element | Domestic fiction |
| 9 (RLIN) | 11588 |
| 655 #7 - INDEX TERM--GENRE/FORM | |
| Genre/form data or focus term | Domestic fiction. |
| Source of term | lcsh |
| 9 (RLIN) | 11588 |
| 906 ## - LOCAL DATA ELEMENT F, LDF (RLIN) | |
| a | 7 |
| b | cbc |
| c | orignew |
| d | u |
| e | ncip |
| f | 19 |
| g | y-gencatlg |
| 942 ## - ADDED ENTRY ELEMENTS (KOHA) | |
| Source of classification or shelving scheme | |
| Koha item type | Book |
| Withdrawn status | Lost status | Source of classification or shelving scheme | Damaged status | Not for loan | Collection code | Permanent Location | Current Location | Shelving location | Date acquired | Total Checkouts | Total Renewals | Full call number | Barcode | Checked out | Date last seen | Date last checked out | Copy number | Price effective from | Koha item type |
|---|---|---|---|---|---|---|---|---|---|---|---|---|---|---|---|---|---|---|---|
| Central Library (CL) | Central Library (CL) | Fiction | 01/17/2017 | 1 | 1 | 863.64 ALL | CL284 | 05/06/2026 | 04/08/2021 | 12/21/2020 | 1 | 01/17/2017 | Book |
